|
|
|
|
| LEADER |
00000nam0a2200000 4500 |
| 001 |
150267 |
| 005 |
20231031150139.0 |
| 035 |
|
|
|a (RuTPU)RU\TPU\book\162902
|
| 090 |
|
|
|a 150267
|
| 100 |
|
|
|a 20081229d1980 km y0rusy50 ca
|
| 101 |
1 |
|
|a rus
|c eng
|
| 102 |
|
|
|a RU
|
| 105 |
|
|
|a a z 001zy
|
| 200 |
1 |
|
|a Выброс радионуклидов в окружающую среду. Расчет доз облучения человека.
|e публикация №29 МКРЗ
|e пер. с англ.
|f под ред. А. А. Моисеева; Р. М. Алексахина
|
| 210 |
|
|
|a Москва
|c Атомиздат
|d 1980
|
| 215 |
|
|
|a 95 с.
|c ил.
|
| 225 |
1 |
|
|a Рекомендации МКРЗ
|
| 320 |
|
|
|a Библиогр.: с. 90-93.
|
| 610 |
1 |
|
|a радионуклиды
|
| 610 |
1 |
|
|a окружающая среда
|
| 610 |
1 |
|
|a выбросы
|
| 610 |
1 |
|
|a человек
|
| 610 |
1 |
|
|a облучение
|
| 610 |
1 |
|
|a дозы
|
| 610 |
1 |
|
|a расчет
|
| 610 |
1 |
|
|a прогнозирование
|
| 675 |
|
|
|a 621.039.7
|v 3
|
| 702 |
|
1 |
|a Моисеев
|b А. А.
|4 340
|
| 702 |
|
1 |
|a Алексахин
|b Р. М.
|4 340
|
| 801 |
|
1 |
|a RU
|b 63413507
|c 20081229
|g PSBO
|
| 801 |
|
2 |
|a RU
|b 63413507
|c 20090206
|g PSBO
|
| 942 |
|
|
|c BK
|